000 00497nam a2200181Ia 4500
003 GCL
008 140319s9999 xx 000 0 eng d
040 _aGCL /
_cGCL
082 0 4 _a843
_bF S
100 1 _aFRANCOIS, JCAN
245 1 0 _aSUR PROUST: REMARQUES SUR A LA RECHER CHE DU TEMPS PERDU /
_cFRANCOIS, JCAN
260 _a[S.N] :
_bBERNARD GRASSET ،
_c1987
300 _a229 P
490 _aLES CAHIERS ROUGES
_v0
650 0 4 _aLITERATURE
650 0 4 _aFRENCH LITERATURE
942 _2ddc
_cBK
999 _c21505
_d21505